Gangs (Registro nro. 315565)

Detalles MARC
000 -ENCABEZADO
Número de control [NR] 00861 a2200241 4500
005 - FECHA Y HORA DE LA ÚLTIMA TRANSACCIÓN
control field 20191016143729.0
008 - DE LONGITUD FIJA DE DATOS DE ELEMENTOS - INFORMACIÓN GENERAL
Elementos de longitud fija [NR] 191016s2009 cau||||| |||| 00| 0 eng d
020 ## - NUMERO INTERNACIONAL NORMALIZADO PARA LIBROS [R]
Número Internacional Normalizado del libro [NR] 9781563251474 (5a.Ed.)
040 ## - FUENTE DE CATALOGACION [NR]
Agencia de catalogación original [NR] CO-BoUCM
Idioma de catalogación [NR] spa
Quien Cataloga Saul Niño
Quien Clasifica Saul Niño
041 0# - CODIGO DE IDIOMA [R]
Código de idioma para texto/pista de sonido o título separado [R] Español
100 10 - ASIENTO PRINCIPAL--NOMBRE PERSONAL [NR]
Nombre personal [NR] Valdez, Al
ID Autoridad 98811
245 10 - MENCION DE TITULO [NR]
Título [NR] Gangs
Parte restante del título [NR] a guide to understanding street gangs
Mención de responsabilidad, etc. [NR] Al Valdez
250 ## - MENCION DE EDICION [NR]
Mención de edición [NR] Quinta edición
260 ## - PUBLICACION, DISTRIBUCION, ETC. (PIE DE IMPRENTA) [R]
Lugar de publicación, distribución, etc. [R] San Clemente, California
Nombre del editor, distribuidor, etc. [R] LawTech Publishing Group
Fecha de publicación, distribución, etc. [R] 2009
300 ## - DESCRIPCION FISICA [R]
Extensión [R] xv, 387 páginas
546 ## - NOTA DE IDIOMA [R]
Nota de idioma [NR] Texto en inglés
650 #7 - ASIENTO SECUNDARIO DE MATERIA - TERMINO TEMATICO [R]
Término temático o nombre geográfico como elemento de entrada [NR] Pandillas
9 (RLIN) 21034
650 #7 - ASIENTO SECUNDARIO DE MATERIA - TERMINO TEMATICO [R]
9 (RLIN) 21034
Término temático o nombre geográfico como elemento de entrada [NR] Pandillas
Subdivisión general [R] Aspectos sociales
Subdivisión geográfica [R] Estados Unidos
650 #7 - ASIENTO SECUNDARIO DE MATERIA - TERMINO TEMATICO [R]
9 (RLIN) 21034
Término temático o nombre geográfico como elemento de entrada [NR] Pandillas
Subdivisión general [R] Aspectos psicológicos
Subdivisión geográfica [R] Estados Unidos
650 #7 - ASIENTO SECUNDARIO DE MATERIA - TERMINO TEMATICO [R]
9 (RLIN) 12152
Término temático o nombre geográfico como elemento de entrada [NR] Criminología
942 ## - ELEMENTOS DE ENTRADA AGREGADOS (KOHA)
Tipo de ítem principal el descrito en 300a Libro de reserva
Sistema de clasificación DEWEY
Tema principal Sociología
Edición 5
Clasificación 364.10660973
Parte restante de la signatura top. V145g
Existencias
Signatura topográfica Código de barras Última vez visto Volúmen / Fascículo Ejemplar Costo de reposición Price effective from Tipo de ítem Nota pública (OPAC) Perdido Sistema de clasificación Dañado No prestable Tipo de ítem específico Suprimido Ubicación habitual Ubicación actual Localización Fecha de creación Proveedor Forma de adquisición Costo
364.10660973 V145g 100164482 04/12/2025 5a.Ed. Ej.1 269441.00 16/10/2019 Libro Spot Criminología e Investigación Criminal   DEWEY     Libro   Claustro Claustro 3er piso 16/10/2019 19 Compra 269441.00